| 000 | 00420nam a2200157Ia 4500 | ||
|---|---|---|---|
| 008 | 240729s9999 xx 000 0 und d | ||
| 022 | _a1664-3615 | ||
| 245 | 0 | _aBulletin of Mathematical Sciences | |
| 260 | _aSingapore | ||
| 260 | _bWorld Scientific Publishing | ||
| 650 | _a Mathematics | ||
| 650 | _aScience | ||
| 856 | _uhttps://doaj.org/toc/7b810c8890914b1a88e57e0213633f8b | ||
| 942 | _2ddc | ||
| 942 | _cDOAJEJ | ||
| 999 |
_c71013 _d71013 |
||
| 945 |
_a1 _bMadushi Gamage _c1 _dMadushi Gamage |
||